Chanson française par image - Statistiques

Statistiques générales
  • Ce quiz a été pris 18 308 fois
  • Le résultat moyen est 8 sur 16
Statistiques - réponses
Par images Hint Réponse % Correct
Michel Sardou Les Lacs du Connemara
78%
Garou et Céline Dion Sous le Vent
78%
Francis Cabrel La Corrida
75%
Stéphanie de Monaco Ouragan
67%
Images Les Démons de minuit
63%
Téléphone New York avec toi
60%
Brigitte Bardot Harley Davidson
59%
Jacques Brel Amsterdam
58%
Alain Souchon Foule sentimentale
47%
Pierre Bachelet Les Corons
47%
Charles Trenet La Mer
40%
Florent Pagny Bienvenue chez moi
37%
Jean-Jacques Goldman Encore un matin
33%
Eddy Mitchell Sur la route de Memphis
25%
Michel Fugain Fais comme l'oiseau
22%
Manau Mais qui est la belette?
9%
Aucun quiz correspondant
Distribution des résultats
% des personnes avec chaque résultat
Percentile par nombre de réponses
Votre historique - résultats
Vous n’avez pas pris ce quiz